Sex, population and politics

Uloženo v:
Podrobná bibliografie
Hlavní autor: Sagrera, Martín (Autor)
Médium: Kniha
Jazyk:španělština
Vydáno: Madrid Fundamentos 1990
Témata:
Tagy: Přidat tag
Žádné tagy, Buďte první, kdo vytvoří štítek k tomuto záznamu!

MARC

LEADER 00000nam a2200000 a 4500
001 UCW2476
003 CL-VaPUC
008 910618e19900000SP |||||||||||||||||spa|d
082 0 4 |a 306.7  |b SAG  |2 21 
100 0 |a Sagrera, Martín  |e author  |9 306636 
245 1 0 |a Sex, population and politics 
300 |a 96 p 
942 |c BK 
945 |d 19910618 00:00:00 
260 |a Madrid  |b Fundamentos  |c 1990 
650 7 |a SEXO ASPECTOS SOCIALES  |2 CL-VaPUC  |9 306637 
583 |a last modification  |c 19910618 00:00:00  |k Rodrigo Vera 
999 |c 217020  |d 217018 
952 |0 0  |1 0  |4 0  |6 306_700000000000000_SAG_1990  |7 0  |8 A  |9 203506  |a BIBGIM  |b BIBGIM  |d 2019-11-15  |i 2707349  |o 306.7 SAG 1990  |p 2707349  |r 2025-01-15  |w 2019-11-15  |y BK  |k SSL